| 000 | 01063 a2200181 4500 | ||
|---|---|---|---|
| 003 | Nust | ||
| 005 | 20230113125312.0 | ||
| 020 | _a0894120727 | ||
| 040 | _cNust | ||
| 082 | _a355.3432,GLE | ||
| 100 |
_aGleason M, Andrew _9106800 |
||
| 245 |
_aElementary course in probability for the cryptanalyst / _cAndrew M. Gleason |
||
| 260 |
_aUSA _bAegean Park Press _c1985 |
||
| 300 | _aS-35p | ||
| 505 | _aBasic Difinition: Fundamental operations. Chapter 2: Permutation and Combinations. Chapter 3: Combination with Repitation: Pascal's Triangle, Chapter 4: The Binominal Theorulli's; Bernoulli's Theorem, Chapter 5: Binomial Theorem; Generalizes Theorem; Multinokial Theorem, Chapter 6: Event Spaces: Boolean Algevra; Addion of Probabilities, Chapter 7: Gambler's Ruin, Chapter 8: Mean; Standard Deviation, Chapter 9: Philosophy, Chapter 10: The Norma Distributin, Chapter 11: Poisson Distribution, Chapter 12:Tests of Statistical Hypotheses, Chapter 13: Logarithmic Weighting; Chi-square Test. | ||
| 650 |
_aCryptanalyst _9106801 |
||
| 942 |
_cBK _2ddc _k355.3432,GLE |
||
| 999 |
_c188717 _d188717 |
||